00626 2200193 4500001002100000005001700021008004100038035002400079040001200103082000800115090001700123100001800140245006200158260011400220300003500334504002400369650002100393990001800414YOGYA-0113000000115820130118093100.0 ind  0010-011300000001158 aYOPDYOG a302 aSK 302 Zuh F aZUHDI EFFENDI aFenomena modal sosial dalam masyarakat/oleh Zuhdi Effendi aYogyakartabProgram Diploma III Jurusan Ilmu Sosiatri Sekolah Tinggi Pembangunan Masyarakat Desa "APMD"c2003 aIX,54,(14)lbrbilus,lamp 30 cm aBibliografi(lbr.55) aPsikologi sosial a42487-PD/A.12